Taylor Swift - Chansons les plus colériques - Statistiques

Statistiques générales
  • Ce quiz a été pris 141 fois
  • Le résultat moyen est 6 sur 11
Statistiques - réponses
Hint Réponse % Correct
Reputation I Did Something Bad
72%
Speak Now Better Than Revenge
71%
The Tortured Poets Department The Smallest Man Who Ever Lived
71%
Taylor Swift Picture to Burn
67%
Midnights Vigilante Shit ou Would've Could've Should've
63%
1989 Bad Blood
62%
Lover The Man
56%
folklore mad woman
53%
Red I Knew You Were Trouble
50%
evermore tolerate it
46%
Fearless Tell Me Why
25%
Aucun quiz correspondant
Distribution des résultats
% des personnes avec chaque résultat
Percentile par nombre de réponses
Votre historique - résultats
Vous n’avez pas pris ce quiz